• 首页
  • 本馆介绍
  • 公告通知
  • 最新文献
  • 馆藏检索
  • 电子资源
  • 读者导购
  • 参考咨询
  • 我的图书馆
  • 登录
  • 详细信息显示
  • 放入我的书架
  • 预约/预借图书
  • 作者相关作品
  • 分类相关作品
  • 丛书相关作品
  • 出版社相关作品

书目信息

  • 表格格式
  • 工作单格式
  • 卡片格式
题名:
机械制造与自动化应用
    
 
作者: 焦艳梅 著
分册:  
出版信息: 汕头   汕头大学出版社  2021
页数: 91页
开本: 24cm
丛书名:
单 册:
中图分类: TH164 , TH16
科图分类:
主题词: 机械制造--自动化技术--研究 , 机械制造工艺
电子资源:
ISBN: 978-7-5658-4396-9
000 00781nam0 2200241 450
001 2343078384
005 20231119115814.17
010    @a978-7-5658-4396-9@dCNY45.00
100    @a20221114d2021 em y0chiy50 ea
101 0  @achi
102    @aCN@b440000
105    @ay z 000yy
200 1  @a机械制造与自动化应用@Aji xie zhi zao yu zi dong hua ying yong@f焦艳梅著
210    @a汕头@c汕头大学出版社@d2021@h2022印
215    @a91页@d24cm
330    @a本书共五章,内容包括:机械制造自动化概述、自动化制造的控制系统、加工工艺及方案自动化、加工设备自动化、检测自动化。
606 0  @a机械制造@x自动化技术@x研究
606 0  @a机械制造工艺
690    @aTH164@v5
690    @aTH16@v4
701  0 @a焦艳梅@Ajiao yan mei@4著
801  0 @aCN@b山东中教@c20231119
905    @aBZT@dTH16@e26
    
    机械制造与自动化应用/焦艳梅著.-汕头:汕头大学出版社,2021(2022印)
    91页;24cm
    
    
    ISBN 978-7-5658-4396-9:CNY45.00
    本书共五章,内容包括:机械制造自动化概述、自动化制造的控制系统、加工工艺及方案自动化、加工设备自动化、检测自动化。
●
相关链接 在五车中查询图书 在当当中查询图书 在豆瓣中查询图书


正题名:机械制造与自动化应用     索取号:TH16/26         预约/预借

序号 登录号 条形码 馆藏地/架位号 状态 备注
1 2000983535   2000983535   中教第一批/山东中教(第一批)/393/ [索取号:TH16/26] 在馆    
2 2000983536   2000983536   中教第一批/山东中教(第一批)/393/ [索取号:TH16/26] 在馆    
3 2000983537   2000983537   中教第一批/山东中教(第一批)/393/ [索取号:TH16/26] 在馆    
4 2000983538   2000983538   中教第一批/山东中教(第一批)/393/ [索取号:TH16/26] 在馆    
5 2000983539   2000983539   中教第一批/山东中教(第一批)/393/ [索取号:TH16/26] 在馆    
6 2000983540   2000983540   中教第一批/山东中教(第一批)/393/ [索取号:TH16/26] 在馆    
山东省滨州职业学院图书馆 欢迎您!
大连网信软件有限公司© 版权所有